[Event "POLFINALY MISTRZOSTW POLSKI JUNIOROW 2021 D-15"]
[Site "Jatrzebia Gora"]
[Date "1899-12-30"]
[Round "7.1"]
[White "Kicinska, Magdalena"]
[Black "Kaznowska, Kinga"]
[Result "0-1"]
[WhiteTitle "I+"]
[BlackTitle "I"]
[WhiteElo "1362"]
[BlackElo "1251"]

1. d4 d5 2. Nf3 Nf6 3. Bg5 Ne4 4. Bh4 c5 5. dxc5 Qa5+ 6. c3 Qxc5 7. e3 e6 8. Nbd2
Qb6 9. Nxe4 dxe4 10. Ne5 Nd7 11. Nc4 Qc6 12. Qb3 Nc5 13. Qc2 Bd7 14. Ne5 Qd5 15.
Nxd7 Nxd7 16. Rd1 Qc6 17. a4 a6 18. Rd4 Nc5 19. b4 Nxa4 20. Rc4 Qd7 21. Qxe4 Rc8
22. b5 Nxc3 23. Rxc8+ Qxc8 24. Qc2 Bb4 25. Qb3 Qd7 26. bxa6 Na2+ 27. Qxb4 Nxb4
28. a7 O-O 0-1

[Event "POLFINALY MISTRZOSTW POLSKI JUNIOROW 2021 D-15"]
[Site "Jatrzebia Gora"]
[Date "1899-12-30"]
[Round "7.2"]
[White "Lach, Alicja"]
[Black "Bialek, Alicja"]
[Result "0-1"]
[WhiteTitle "II+"]
[BlackTitle "I"]
[WhiteElo "1319"]
[BlackElo "1350"]

1. e4 c5 2. Nc3 e6 3. Nf3 Nc6 4. d4 cxd4 5. Nxd4 Bb4 6. Be3 Nge7 7. Bc4 Ne5 8.
Bb3 Qa5 9. Qd2 d5 10. f3 dxe4 11. fxe4 Bd7 12. O-O-O Rc8 13. Nde2 Bb5 14. Nd4
Nc4 15. Bxc4 Bxc4 16. Nb3 Qc7 17. Bd4 O-O 18. Qg5 Ng6 19. h4 e5 20. Be3 Bxb3 21.
axb3 Bxc3 22. bxc3 Qxc3 23. Kb1 Qxc2+ 24. Ka1 Rc6 0-1

[Event "POLFINALY MISTRZOSTW POLSKI JUNIOROW 2021 D-15"]
[Site "Jatrzebia Gora"]
[Date "1899-12-30"]
[Round "7.3"]
[White "Walendykiewicz, Martyna"]
[Black "Biniak, Zuzanna"]
[Result "1-0"]
[WhiteTitle "I"]
[BlackTitle "I"]
[WhiteElo "1209"]
[BlackElo "1313"]

1. e4 c5 2. Nf3 d6 3. d4 cxd4 4. Nxd4 Nf6 5. Nc3 g6 6. Bg5 Bg7 7. Qd2 h6 8. Bxf6
Bxf6 9. Bb5+ Bd7 10. Bxd7+ Qxd7 11. Nd5 Bg7 12. c3 O-O 13. h3 Nc6 14. Nxc6 bxc6
15. Ne3 Rab8 16. O-O Rb7 17. Rfc1 Rfb8 18. Rc2 Kh7 19. Nd1 h5 20. f3 Bh6 21. Qe2
Qc7 22. Kh1 e5 23. Qf2 Qb6 24. Qxb6 axb6 25. Nf2 Bf8 26. Nd3 Rc7 27. Nb4 Ra8 28.
a3 Raa7 29. Rd1 Kg7 30. Kg1 f6 31. g4 g5 32. Rg2 h4 33. Nc2 Kf7 34. Kf1 Ke6 35.
Ne3 b5 36. Rgd2 Rd7 37. Nc2 d5 38. exd5+ Rxd5 39. Ne3 Rxd2 40. Rxd2 Rd7 41. Rxd7
Kxd7 42. Ke2 Ke6 43. Kd3 Bc5 44. Nf5 Kd5 45. Nh6 Bf8 46. Nf5 Bc5 47. b4 Bf8 48.
Ne3+ Ke6 49. Ke4 c5 50. Nd5 Bd6 51. bxc5 Bxc5 52. Nc7+ Kd6 53. Nxb5+ Kc6 54. a4
Kb6 55. Kd5 Be3 56. Ke6 Ka5 57. Kxf6 Kxa4 58. Nd6 Kb3 59. Ne4 Bf4 60. Kf5 Kc4
61. Nxg5 Kxc3 62. Nf7 Kd4 63. g5 Bxg5 64. Nxg5 e4 65. fxe4 Ke3 66. e5 Kf2 67.
e6 Kg3 68. e7 Kh2 69. e8=Q Kg2 70. Qe2+ Kg3 71. Qg4+ Kh2 72. Nf3+ Kh1 73. Qg1#
1-0

[Event "POLFINALY MISTRZOSTW POLSKI JUNIOROW 2021 D-15"]
[Site "Jatrzebia Gora"]
[Date "1899-12-30"]
[Round "7.4"]
[White "Zalewska, Malgorzata"]
[Black "Pieczewska, Jadwiga"]
[Result "1-0"]
[WhiteTitle "I"]
[BlackTitle "II+"]
[WhiteElo "1296"]
[BlackElo "1185"]

1. e4 e6 2. d4 d5 3. e5 c5 4. c3 Nc6 5. Nf3 Qb6 6. Bd3 Bd7 7. dxc5 Bxc5 8. O-O
Rc8 9. b4 Be7 10. Be3 Qc7 11. Bf4 h6 12. Bg3 b6 13. Nbd2 a5 14. a3 Na7 15. c4
dxc4 16. Nxc4 axb4 17. Nd6+ Bxd6 18. exd6 Qb7 19. Ne5 bxa3 20. Qh5 Bc6 21. d7+
Bxd7 22. Qxf7+ Kd8 23. Qf8+ Be8 24. Qd6+ Bd7 25. Nf7+ Ke8 26. Nxh8 Ne7 27. Ng6
Nac6 28. Bh4 Rc7 29. Nxe7 g5 30. Nxc6 Bxc6 31. Bg6+ Rf7 32. Qxe6+ Qe7 33. Bxf7+
Kd8 34. Rfd1+ Bd7 35. Qxb6+ Kc8 36. Rac1+ Bc6 37. Rxc6+ Qc7 38. Qxc7# 1-0

[Event "POLFINALY MISTRZOSTW POLSKI JUNIOROW 2021 D-15"]
[Site "Jatrzebia Gora"]
[Date "1899-12-30"]
[Round "7.6"]
[White "Wiecek, Karolina"]
[Black "Reszka, Barbara"]
[Result "1/2-1/2"]
[WhiteTitle "I"]
[BlackTitle "II+"]
[WhiteElo "1203"]
[BlackElo "1094"]

1. d4 d5 2. c4 e6 3. Nc3 a6 4. cxd5 exd5 5. Bf4 c6 6. e3 Bf5 7. Nf3 Bd6 8. Bxd6
Qxd6 9. Bd3 Bxd3 10. Qxd3 Nf6 11. O-O Nbd7 12. Rab1 O-O 13. b4 Rfe8 14. Na4 Ne4
15. Nc5 Qc7 16. Rfc1 f5 17. Nxd7 Qxd7 18. Ne5 Qe7 19. a4 Nd6 20. Rc2 a5 21. Rcb2
g6 22. Qc3 Ne4 23. Qe1 axb4 24. Rxb4 Nd6 25. Qc3 Rec8 26. Nd3 b5 27. axb5 Nxb5
28. Qb3 Ra3 29. Qc2 Ra7 30. Qb3 Ra3 31. Qc2 Rc3 32. Qd2 Qe4 33. Nc5 Qc2 34. Qxc2
Rxc2 35. h3 Ra8 36. R4b2 Rxb2 1/2-1/2

[Event "POLFINALY MISTRZOSTW POLSKI JUNIOROW 2021 D-15"]
[Site "Jatrzebia Gora"]
[Date "1899-12-30"]
[Round "7.7"]
[White "Jureczko, Anna"]
[Black "Olszewska, Wiktoria"]
[Result "1-0"]
[WhiteTitle "II+"]
[BlackTitle "I"]
[WhiteElo "1162"]
[BlackElo "1334"]

1. e4 c5 2. c3 d5 3. exd5 Qxd5 4. d4 Nc6 5. Nf3 cxd4 6. Nxd4 e5 7. Nxc6 Qxc6 8.
Be3 Nf6 9. Qb3 Qc7 10. Bb5+ Bd7 11. Bxd7+ Qxd7 12. O-O Be7 13. Rd1 Qc6 14. Nd2
O-O 15. h3 Nd5 16. Re1 Nxe3 17. Rxe3 Bg5 18. Re2 Bxd2 19. Rxd2 Rad8 20. Rad1 Rxd2
21. Rxd2 Qc7 22. Qb5 a6 23. Rd7 Qxc3 24. bxc3 axb5 25. Rxb7 Ra8 26. Rxb5 f6 27.
Rb2 Kf7 28. c4 Ke6 29. Rb7 g5 30. Rxh7 Rxa2 31. c5 Rc2 32. Rc7 Kd5 33. Rf7 Ke6
34. Rc7 Kd5 35. Rd7+ Ke6 36. Rd6+ Ke7 37. Rc6 f5 38. Rg6 Rxc5 39. Rxg5 Kf6 40.
Rg8 Rc7 41. Rf8+ Kg6 42. Re8 Kf6 43. Rg8 Rh7 44. Rg3 Rh8 45. Rb3 Kg5 46. Rb5 Kf4
47. Kh2 Re8 48. Rb4+ Kg5 49. Rb3 Rh8 50. Re3 Kf6 51. Rf3 Kg5 52. Rg3+ Kf6 53.
Rb3 Kg5 54. Rb5 Kf6 55. Rb6+ Kg5 56. Re6 e4 57. Re5 Kf6 58. Rb5 Rg8 59. Rb3 Rh8
60. Re3 Kg5 61. Rc3 Kf4 62. Re3 Kg5 63. g3 Rh7 64. f3 exf3 65. Rxf3 Rh8 66. h4+
Kg6 67. Kh3 Rh7 68. Rc3 Rh8 69. Rc6+ Kf7 70. Kg2 Rh5 71. Kf3 Ke7 72. Kf4 Kf7 73.
Rc5 Ke6 74. Re5+ Kf6 75. g4 Rxh4 76. Rxf5+ Kg6 77. Rb5 Rh8 78. Rb6+ Kg7 79. Kg5
Kf7 80. Kf5 Kg7 81. Rb7+ Kh6 82. g5+ Kh5 83. Rb6 Rf8+ 84. Rf6 Rh8 85. Rf7 Kh4
86. g6 Rg8 87. Rh7+ Kg3 88. Kf6 Rf8+ 89. Rf7 Rg8 90. g7 Rxg7 91. Rxg7+ 1-0

[Event "POLFINALY MISTRZOSTW POLSKI JUNIOROW 2021 D-15"]
[Site "Jatrzebia Gora"]
[Date "1899-12-30"]
[Round "7.8"]
[White "Romejko, Jagoda"]
[Black "Bauer, Marika"]
[Result "1-0"]
[WhiteTitle "I"]
[BlackTitle "II"]
[WhiteElo "1341"]
[BlackElo "1226"]

1. e4 e5 2. Nf3 Nc6 3. d4 exd4 4. Nxd4 Bc5 5. Be3 Qf6 6. Nb5 Bxe3 7. fxe3 Qe5 8.
N1c3 a6 9. Nd4 Nf6 10. Qd3 b5 11. Rd1 Nb4 12. Qd2 c5 13. Nf5 O-O 14. Nd6 Rd8 15.
a3 Nc6 16. Be2 b4 17. axb4 cxb4 18. Na4 Nxe4 19. Nxe4 Qxe4 20. Bf3 Qe6 21. O-O
a5 22. Nc5 Qh6 23. Qf2 Ra7 24. Bxc6 Qxc6 25. Qxf7+ 1-0

[Event "POLFINALY MISTRZOSTW POLSKI JUNIOROW 2021 D-15"]
[Site "Jatrzebia Gora"]
[Date "1899-12-30"]
[Round "8.1"]
[White "Walendykiewicz, Martyna"]
[Black "Kicinska, Magdalena"]
[Result "0-1"]
[WhiteTitle "I"]
[BlackTitle "I+"]
[WhiteElo "1209"]
[BlackElo "1362"]

1. e4 c6 2. d4 d5 3. Nc3 dxe4 4. Nxe4 Bf5 5. Ng5 e6 6. Bc4 Nf6 7. c3 Nd5 8. Qe2
Be7 9. N5f3 O-O 10. Bxd5 Qxd5 11. Qe5 Nd7 12. Qxd5 cxd5 13. Bf4 Nb6 14. b3 Rfc8
15. Bd2 a5 16. Ne2 a4 17. O-O Bd3 18. Rae1 axb3 19. axb3 Ra3 20. Ne5 Ba6 21. f3
Ra2 22. Bf4 Rxe2 23. Rxe2 Bxe2 24. Re1 Bb5 25. Rc1 Nd7 26. Nxd7 Bxd7 27. Kf1 Bb5+
28. Ke1 Bd3 29. Kd2 Bf5 30. Ra1 g5 31. Be3 h6 32. Ra7 Bd6 33. g4 Bg6 34. Rxb7
Ra8 35. b4 Ra2+ 36. Kd1 Bc2+ 37. Ke1 Bd3 38. Kd1 Bxh2 39. b5 Rc2 40. Bd2 Rb2 41.
Bc1 Be2+ 42. Ke1 Bg3# 0-1

[Event "POLFINALY MISTRZOSTW POLSKI JUNIOROW 2021 D-15"]
[Site "Jatrzebia Gora"]
[Date "1899-12-30"]
[Round "8.2"]
[White "Kaznowska, Kinga"]
[Black "Samol, Julia"]
[Result "0-1"]
[WhiteTitle "I"]
[BlackTitle "I"]
[WhiteElo "1251"]
[BlackElo "1206"]

1. e4 c5 2. Nf3 e6 3. g3 Nc6 4. c3 Nf6 5. Qe2 e5 6. Bg2 d6 7. O-O Be7 8. h3 O-O
9. Rd1 Qc7 10. b3 a6 11. Bb2 b5 12. d4 Bd7 13. dxc5 dxc5 14. Nbd2 h6 15. c4 b4
16. Nf1 Nd4 17. Nxd4 cxd4 18. f4 Bc5 19. Kh2 Rad8 20. fxe5 Qxe5 21. Qd3 Bc6 22.
Re1 Rfe8 23. Nd2 Nh5 24. Nf1 Re6 25. Rad1 Rg6 26. Qf3 Rf6 27. Qe2 Rxf1 28. Qxf1
Nxg3 29. Qf3 Ne2+ 30. Kh1 Bd6 31. Qxe2 Qh2# 0-1

[Event "POLFINALY MISTRZOSTW POLSKI JUNIOROW 2021 D-15"]
[Site "Jatrzebia Gora"]
[Date "1899-12-30"]
[Round "8.3"]
[White "Bialek, Alicja"]
[Black "Zalewska, Malgorzata"]
[Result "1-0"]
[WhiteTitle "I"]
[BlackTitle "I"]
[WhiteElo "1350"]
[BlackElo "1296"]

1. e4 c5 2. Nf3 d6 3. c3 Nf6 4. Be2 Bd7 5. e5 dxe5 6. Nxe5 Nc6 7. Nxd7 Qxd7 8.
O-O e6 9. d3 Bd6 10. Nd2 O-O 11. Ne4 Nxe4 12. dxe4 Rfd8 13. f4 c4 14. Qe1 Bc5+
15. Kh1 b5 16. Qg3 f5 17. e5 Ne7 18. h3 a6 19. Qg5 Nd5 20. Bf3 Rab8 21. Rd1 Qc7
22. Bxd5 Rxd5 23. Rxd5 exd5 24. Qxf5 Qe7 25. Bd2 d4 26. cxd4 Bxd4 27. Bc3 Bxc3
28. bxc3 Qa3 29. e6 Rf8 30. Qd5 Kh8 31. Qe5 Re8 32. f5 Qe7 33. Rd1 Rd8 34. Rd7
Qe8 35. Qxg7# 1-0

[Event "POLFINALY MISTRZOSTW POLSKI JUNIOROW 2021 D-15"]
[Site "Jatrzebia Gora"]
[Date "1899-12-30"]
[Round "8.4"]
[White "Jureczko, Anna"]
[Black "Lach, Alicja"]
[Result "1/2-1/2"]
[WhiteTitle "II+"]
[BlackTitle "II+"]
[WhiteElo "1162"]
[BlackElo "1319"]

1. e4 c5 2. c3 d5 3. exd5 Qxd5 4. d4 Nc6 5. Nf3 Bg4 6. Be2 e6 7. h3 Bh5 8. Be3
cxd4 9. Bxd4 Nge7 10. Nbd2 Nxd4 11. Nxd4 Bxe2 12. Qxe2 Qxg2 13. Qb5+ Kd8 14. O-O-O
Qd5 15. Nc4 Kc7 16. Qxd5 Nxd5 17. Ne5 Bc5 18. Nxf7 Rhe8 19. Nxe6+ Rxe6 20. Rxd5
Bxf2 21. Rhd1 Re7 22. Ne5 Rae8 23. Rd7+ Kb6 24. R7d6+ Kc7 25. Rd7+ Kc8 26. Rxe7
Rxe7 27. Ng4 Bc5 28. Rd5 b6 29. Kc2 Kc7 30. Re5 Rxe5 31. Nxe5 Kd6 32. Nf3 Kd5
33. Kd3 1/2-1/2

[Event "POLFINALY MISTRZOSTW POLSKI JUNIOROW 2021 D-15"]
[Site "Jatrzebia Gora"]
[Date "1899-12-30"]
[Round "8.5"]
[White "Pieczewska, Jadwiga"]
[Black "Reszka, Barbara"]
[Result "1/2-1/2"]
[WhiteTitle "II+"]
[BlackTitle "II+"]
[WhiteElo "1185"]
[BlackElo "1094"]

1. c4 e5 2. Nc3 Nf6 3. Nf3 Nc6 4. g3 d5 5. cxd5 Nxd5 6. Bg2 Nb6 7. O-O Be7 8. b3
h5 9. Bb2 h4 10. e3 hxg3 11. fxg3 Bg4 12. Ne2 f6 13. d4 exd4 14. Nexd4 Nxd4 15.
Qxd4 Qxd4 16. Nxd4 O-O-O 17. Rac1 Nd5 18. Nc2 Bc5 19. Bd4 Bxd4 20. exd4 Nc3 21.
Rce1 Ne2+ 22. Kf2 Nxd4 23. Nxd4 Rxd4 24. Kg1 Rd2 25. a4 Rhd8 26. Re7 R2d7 27.
Re4 f5 28. Rb4 c5 29. Rbf4 Be2 30. Rc1 Rd1+ 31. Rxd1 Rxd1+ 32. Kf2 Bd3 33. Ke3
Bc2 34. Rc4 1/2-1/2

[Event "POLFINALY MISTRZOSTW POLSKI JUNIOROW 2021 D-15"]
[Site "Jatrzebia Gora"]
[Date "1899-12-30"]
[Round "8.6"]
[White "Biniak, Zuzanna"]
[Black "Romejko, Jagoda"]
[Result "1/2-1/2"]
[WhiteTitle "I"]
[BlackTitle "I"]
[WhiteElo "1313"]
[BlackElo "1341"]

1. e4 e5 2. Nf3 Nc6 3. Bb5 Nf6 4. O-O Bc5 5. Re1 O-O 6. c3 d6 7. d4 Bb6 8. d5 Ne7
9. Nbd2 Ng6 10. Nf1 a6 11. Ba4 Bd7 12. Bc2 Re8 13. Ng3 Ng4 14. Rf1 Bb5 15. Bd3
Bxd3 16. Qxd3 Qd7 17. h3 Nf6 18. Be3 Nf4 19. Qd2 Bxe3 20. Qxe3 Qb5 21. b3 Rad8
22. c4 Qd7 23. Kh2 c6 24. Rac1 Rc8 25. Nd2 b5 26. dxc6 Rxc6 27. Ne2 Ne6 28. Nc3
Nd4 29. Nd5 Qd8 30. Nf3 Nxd5 31. cxd5 Nxf3+ 32. Qxf3 Rxc1 33. Rxc1 Qa5 34. Rc6
Rd8 35. Qe2 Kf8 36. Qh5 h6 37. Qe2 Kg8 38. Qc2 Kf8 39. Rc7 Qb6 40. f3 Qb8 41.
Qc6 g6 42. Rb7 Qc8 43. Qxc8 Rxc8 44. Ra7 Rc2 45. Rxa6 Ke7 46. a4 Rb2 47. axb5
Rxb3 48. Ra7+ Kf6 49. Rb7 Rb2 50. b6 Rb3 51. Rb8 Rb2 52. b7 Ke7 53. Kg3 Rb3 54.
Kh4 Rb2 55. g4 Rb3 56. Rh8 Rxb7 57. Rxh6 Rb3 58. Kg3 Kf6 59. Rh8 Rb1 60. Rc8 Rg1+
61. Kf2 Rh1 62. Kg2 Rb1 63. Rc2 Rb6 64. h4 Kg7 65. Kg3 Kf6 66. g5+ Ke7 67. Kg4
Rb1 68. Rc7+ Ke8 69. Rc2 Ke7 70. Rg2 Rh1 71. Kg3 Kf8 72. Rh2 Rg1+ 73. Rg2 Rh1
74. Kg4 Kg7 75. Kg3 Kf8 76. Rc2 Rg1+ 77. Kh2 Rf1 78. Kg2 Rb1 79. Rf2 Rb4 80. Kg3
Rb1 81. f4 exf4+ 82. Kxf4 Rh1 83. Kg3 Rg1+ 84. Rg2 Re1 85. Kf3 Rf1+ 86. Ke2 Rf4
87. Ke3 Rxh4 88. Rg3 Rh1 1/2-1/2

[Event "POLFINALY MISTRZOSTW POLSKI JUNIOROW 2021 D-15"]
[Site "Jatrzebia Gora"]
[Date "1899-12-30"]
[Round "8.7"]
[White "Zybrant, Sandra"]
[Black "Wiecek, Karolina"]
[Result "0-1"]
[WhiteTitle "I"]
[BlackTitle "I"]
[WhiteElo "1239"]
[BlackElo "1203"]

1. e4 d5 2. exd5 Qxd5 3. Nc3 Qa5 4. d4 c6 5. Bf4 Nf6 6. Qd2 Bf5 7. Rd1 e6 8. a3
Nbd7 9. Nf3 Be7 10. Be2 O-O 11. O-O Nd5 12. Nxd5 Qxd5 13. c4 Qe4 14. Bd3 Qxd3
15. Qxd3 Bxd3 16. Rxd3 Nb6 17. Rb3 Rfe8 18. Rc1 c5 19. dxc5 Bxc5 20. Rd3 Rad8
21. Rxd8 Rxd8 22. Kf1 f6 23. Ke2 e5 24. Be3 Bxe3 25. Kxe3 Kf7 26. Rc2 Ke6 27.
Rd2 Nxc4+ 0-1

[Event "POLFINALY MISTRZOSTW POLSKI JUNIOROW 2021 D-15"]
[Site "Jatrzebia Gora"]
[Date "1899-12-30"]
[Round "8.8"]
[White "Gac-mytych, Sara"]
[Black "Grembocka, Zuzanna"]
[Result "1-0"]
[WhiteTitle "II"]
[BlackTitle "II+"]
[WhiteElo "1184"]
[BlackElo "1186"]

1. e4 e6 2. d4 d5 3. Nd2 c5 4. Ngf3 cxd4 5. Nxd4 Nf6 6. e5 Nfd7 7. N2f3 Nc6 8.
Nxc6 bxc6 9. c4 Qc7 10. cxd5 cxd5 11. Qa4 Rb8 12. a3 Be7 13. Bb5 O-O 14. Bxd7
Bxd7 15. Qg4 Qa5+ 16. Bd2 Qa4 17. Qxa4 Bxa4 18. b4 f6 19. Be3 fxe5 20. Nxe5 Bf6
21. Bd4 Rbc8 22. O-O Rc2 23. Rfe1 a6 24. Nf3 Rc4 25. Bxf6 Rxf6 26. Rac1 h6 27.
Rxc4 dxc4 28. Rc1 Rf4 29. Rc3 Re4 30. h3 Bb5 31. Kf1 Kf7 32. Nd2 Rd4 33. Ke2 e5
34. Nf3 Rd5 35. Nd2 Kf6 36. Ke3 Rd4 37. Nf3 Rd1 38. Ke2 Rd3 39. Rxd3 cxd3+ 40.
Ke3 Ke6 41. Ne1 e4 42. f3 exf3 43. gxf3 Kd5 44. Nxd3 Kc4 45. Nc5 Kd5 46. Kf4 Kd6
47. Kf5 Ke7 48. Kg6 Bc4 49. Kxg7 h5 50. Kg6 Bf7+ 51. Kg5 a5 52. bxa5 Kd6 53. Ne4+
Kc6 54. Nf6 Kb5 55. Nxh5 Kxa5 56. f4 Kb6 57. f5 Kc6 58. Nf4 Kd7 59. h4 Ke8 60.
h5 Kf8 61. Ng6+ Kg7 62. h6+ Kg8 63. a4 Bb3 64. a5 Bc4 65. Ne7+ Kh8 66. Nc6 Bb5
67. Nb4 Be2 68. a6 Bf3 69. a7 Bb7 70. Na6 Ba8 71. Nc7 Bb7 72. a8=Q+ Bxa8 73. Nxa8
Kh7 74. Kf6 Kg8 75. h7+ 1-0

[Event "POLFINALY MISTRZOSTW POLSKI JUNIOROW 2021 D-15"]
[Site "Jatrzebia Gora"]
[Date "1899-12-30"]
[Round "8.11"]
[White "Markowska, Kalina"]
[Black "Olszewska, Wiktoria"]
[Result "1/2-1/2"]
[WhiteTitle "II"]
[BlackTitle "I"]
[WhiteElo "1028"]
[BlackElo "1334"]

1. e4 c6 2. d4 d5 3. Nc3 dxe4 4. Nxe4 Bf5 5. Ng3 Bg6 6. Nf3 h6 7. Bd3 Bxd3 8. Qxd3
Nf6 9. O-O e6 10. Re1 Be7 11. Bd2 O-O 12. Qb3 Qc7 13. a4 Bd6 14. Bb4 Bxb4 15.
Qxb4 Nbd7 16. Rad1 Nd5 17. Qb3 c5 18. Ne4 cxd4 19. Nxd4 Rac8 20. c3 a6 21. Rd2
N7b6 22. Rc2 Nc4 23. Nd2 Ndb6 24. Nxc4 Nxc4 25. Nf3 Rfd8 26. Rcc1 Rd6 27. Re2
Rcd8 28. Re4 Nd2 29. Nxd2 Rxd2 30. g3 Qc6 31. Ree1 Qf3 32. Rf1 Re2 33. Rcd1 Rdd2
34. Rxd2 Rxd2 35. Qb6 Qd5 36. Qb4 Kh7 37. a5 Rd1 38. Rxd1 Qxd1+ 39. Kg2 Qd5+ 40.
Kg1 1/2-1/2

[Event "POLFINALY MISTRZOSTW POLSKI JUNIOROW 2021 D-15"]
[Site "Jatrzebia Gora"]
[Date "1899-12-30"]
[Round "9.1"]
[White "Kicinska, Magdalena"]
[Black "Gac-mytych, Sara"]
[Result "1-0"]
[WhiteTitle "I+"]
[BlackTitle "II"]
[WhiteElo "1362"]
[BlackElo "1184"]

1. d4 d5 2. Nf3 Nf6 3. Bg5 e6 4. e3 c5 5. c3 Be7 6. Bd3 Nbd7 7. Nbd2 O-O 8. O-O
b6 9. Qa4 c4 10. Bb1 Qc7 11. e4 dxe4 12. Nxe4 Bb7 13. Nxf6+ Bxf6 14. Qc2 g6 15.
Bxf6 Nxf6 16. Ne5 b5 17. Qd2 Nd7 18. Ng4 Qd6 19. f3 f5 20. Nf2 Kg7 21. Bc2 Bd5
22. a4 a6 23. Ra3 Nb6 24. axb5 axb5 25. Rfa1 Rxa3 26. Rxa3 Ra8 27. Rxa8 Nxa8 28.
Nh3 h6 29. Nf4 Nb6 30. h4 Nc8 31. Nxd5 Qxd5 32. Qe3 Qd6 33. Qe5+ Qxe5 34. dxe5
Nb6 35. Kf2 Kf7 36. g3 g5 37. hxg5 hxg5 38. f4 g4 39. Ke3 Ke7 40. Kd4 Kd7 41.
b3 cxb3 42. Bxb3 Nc8 43. Kc5 b4 44. cxb4 Na7 45. b5 Nxb5 46. Kxb5 Ke7 47. Kc6
Kf7 48. Kd7 Kg6 49. Kxe6 1-0

[Event "POLFINALY MISTRZOSTW POLSKI JUNIOROW 2021 D-15"]
[Site "Jatrzebia Gora"]
[Date "1899-12-30"]
[Round "9.2"]
[White "Reszka, Barbara"]
[Black "Bialek, Alicja"]
[Result "1/2-1/2"]
[WhiteTitle "II+"]
[BlackTitle "I"]
[WhiteElo "1094"]
[BlackElo "1350"]

1. e4 c5 2. Nf3 d6 3. d3 Nc6 4. g3 g6 5. Bg2 Bg7 6. c3 Nf6 7. O-O O-O 8. Re1 Qc7
9. h3 Bd7 10. Nh2 e5 11. Be3 Rad8 12. g4 Ne8 13. f4 f5 14. exf5 gxf5 15. Bd5+
Kh8 16. g5 Ne7 17. Bg2 Ng6 18. Rf1 exf4 19. Bxf4 Nxf4 20. Rxf4 d5 21. Rf2 d4 22.
c4 b5 23. b3 bxc4 24. bxc4 Qg3 25. Nf3 h6 26. gxh6 Bxh6 27. Nbd2 Be3 28. Qe2 Rg8
29. Kf1 Qxf2+ 30. Qxf2 Bxf2 31. Kxf2 Nf6 32. Ne5 1/2-1/2

[Event "POLFINALY MISTRZOSTW POLSKI JUNIOROW 2021 D-15"]
[Site "Jatrzebia Gora"]
[Date "1899-12-30"]
[Round "9.3"]
[White "Samol, Julia"]
[Black "Jureczko, Anna"]
[Result "1-0"]
[WhiteTitle "I"]
[BlackTitle "II+"]
[WhiteElo "1206"]
[BlackElo "1162"]

1. e4 d5 2. exd5 Qxd5 3. Nc3 Qa5 4. d4 c6 5. Bc4 Bf5 6. g4 Bg6 7. Qe2 Nf6 8. f4
Be4 9. Nf3 e6 10. Bd2 Bxf3 11. Qxf3 Qb6 12. O-O-O Qxd4 13. Bb3 Qb6 14. Rhe1 Be7
15. f5 exf5 16. Qxf5 Nbd7 17. Bxf7+ Kxf7 18. Qe6+ Kg6 19. Qxe7 Rhe8 20. Qd6 Qc5
21. Qd3+ Kf7 22. Rf1 Kg8 23. g5 Ng4 24. Qxd7 1-0

[Event "POLFINALY MISTRZOSTW POLSKI JUNIOROW 2021 D-15"]
[Site "Jatrzebia Gora"]
[Date "1899-12-30"]
[Round "9.4"]
[White "Zalewska, Malgorzata"]
[Black "Kaznowska, Kinga"]
[Result "1-0"]
[WhiteTitle "I"]
[BlackTitle "I"]
[WhiteElo "1296"]
[BlackElo "1251"]

1. e4 d5 2. exd5 Qxd5 3. Nc3 Qe5+ 4. Be2 c6 5. d4 Qc7 6. Be3 Bf5 7. Qd2 e6 8. Nf3
Nd7 9. a3 Ngf6 10. Bf4 Bd6 11. Bxd6 Qxd6 12. h3 Bg6 13. O-O-O O-O-O 14. Rhe1 h6
15. Na2 Bh5 16. g4 Bg6 17. Qa5 Qd5 18. Qxd5 exd5 19. Ne5 Nxe5 20. dxe5 Ne4 21.
Rf1 Rde8 22. f4 Rhf8 23. Bd3 Bh7 24. Bxe4 dxe4 25. Nc3 f6 26. exf6 Rxf6 27. f5
Rf7 28. Rde1 Rfe7 29. Rf4 e3 30. Rf3 Bg8 31. Nd1 e2 32. Nc3 Bd5 33. Nxd5 cxd5
34. Kd2 Kd7 35. Rf2 Kd6 36. Rfxe2 Re4 37. Rxe4 dxe4 38. Ke3 Rc8 39. Rd1+ Ke5 40.
c3 Rc7 41. Rd4 Kf6 42. h4 Re7 43. Rxe4 Re5 44. Rxe5 Kxe5 45. h5 a5 46. b4 axb4
47. axb4 Kd5 48. Ke4+ 1-0

[Event "POLFINALY MISTRZOSTW POLSKI JUNIOROW 2021 D-15"]
[Site "Jatrzebia Gora"]
[Date "1899-12-30"]
[Round "9.5"]
[White "Lach, Alicja"]
[Black "Walendykiewicz, Martyna"]
[Result "1/2-1/2"]
[WhiteTitle "II+"]
[BlackTitle "I"]
[WhiteElo "1319"]
[BlackElo "1209"]

1. e4 e5 2. Nf3 Nf6 3. Nxe5 d6 4. Nf3 Nxe4 5. c4 Nf6 6. Nc3 Bg4 7. d4 Nc6 8. Be3
Be7 9. h3 Bh5 10. Be2 O-O 11. O-O h6 12. d5 Bxf3 13. Bxf3 Ne5 14. Be2 Nh7 15.
Bd3 Nxd3 16. Qxd3 Bf6 17. Ne4 Ng5 18. Bxg5 Bxg5 19. Rfe1 Re8 20. Re2 Qd7 21. Rae1
a6 22. Nxg5 hxg5 23. Rxe8+ Rxe8 24. Re3 f6 25. b3 Rxe3 26. Qxe3 b6 27. f3 Kf8
28. Kf2 Qf5 29. Qe4 Qxe4 30. fxe4 g6 31. g4 Ke7 32. Ke3 Kd7 33. Kd4 Kc8 34. Kc3
Kb7 35. Kd4 Kc8 36. b4 Kd7 37. b5 a5 1/2-1/2

[Event "POLFINALY MISTRZOSTW POLSKI JUNIOROW 2021 D-15"]
[Site "Jatrzebia Gora"]
[Date "1899-12-30"]
[Round "9.6"]
[White "Romejko, Jagoda"]
[Black "Wiecek, Karolina"]
[Result "1/2-1/2"]
[WhiteTitle "I"]
[BlackTitle "I"]
[WhiteElo "1341"]
[BlackElo "1203"]

1. e4 e5 2. Nf3 Nf6 3. Nxe5 d6 4. Nf3 Nxe4 5. d3 Nf6 6. d4 d5 7. Bd3 Nc6 8. O-O
Be7 9. Re1 Bg4 10. c3 O-O 11. h3 Bh5 12. Bf4 Re8 13. Nbd2 a6 14. Qc2 Bg6 15. Ne5
Nxe5 16. Bxe5 Bxd3 17. Qxd3 Bd6 18. Nf3 c6 19. Qf5 Ne4 20. Qf4 Bxe5 21. Nxe5 Qf6
22. Qxf6 Nxf6 23. Re3 Re6 24. Rae1 Rae8 25. f3 h6 26. Kf2 g6 27. Ng4 Nxg4+ 28.
fxg4 Kg7 29. g3 Rxe3 30. Rxe3 Rxe3 31. Kxe3 Kf6 32. Kf4 g5+ 33. Kf3 Ke6 34. h4
f6 35. Ke3 Kd6 1/2-1/2

[Event "POLFINALY MISTRZOSTW POLSKI JUNIOROW 2021 D-15"]
[Site "Jatrzebia Gora"]
[Date "1899-12-30"]
[Round "9.7"]
[White "Pieczewska, Jadwiga"]
[Black "Biniak, Zuzanna"]
[Result "1/2-1/2"]
[WhiteTitle "II+"]
[BlackTitle "I"]
[WhiteElo "1185"]
[BlackElo "1313"]

1. c4 c5 2. b3 Nc6 3. Bb2 d6 4. g3 Bd7 5. Bg2 e6 6. Nf3 Nf6 7. O-O g6 8. d4 cxd4
9. Nxd4 Bg7 10. Nb5 O-O 11. Nxd6 Qb8 12. Nc3 a6 13. e3 Rd8 14. Nde4 Nxe4 15. Bxe4
f5 16. Bg2 Ne5 17. Qe2 Bc6 18. Rad1 Bxg2 19. Kxg2 Qc7 20. e4 Nc6 21. exf5 Nd4
22. Qe3 Qc6+ 23. Qe4 exf5 24. Qxc6 Nxc6 25. Na4 b5 26. Bxg7 Kxg7 27. Nc5 Kf7 28.
Rxd8 Nxd8 29. Rd1 Nc6 30. Rd7+ Kg8 31. Rd6 Nb4 32. a3 Nc2 33. Rxa6 Rxa6 34. Nxa6
bxc4 35. bxc4 Nxa3 36. c5 Nc4 37. c6 Nd6 38. Kf3 Kf7 39. Nc5 h6 40. Kf4 Kf6 41.
Nd7+ Ke6 42. Nb6 Nb5 43. h4 Nc7 44. Nd7 Nd5+ 45. Kf3 Ne7 46. g4 Nxc6 47. Nc5+
Kf6 48. Kg3 fxg4 49. Kxg4 Ne5+ 1/2-1/2

[Event "POLFINALY MISTRZOSTW POLSKI JUNIOROW 2021 D-15"]
[Site "Jatrzebia Gora"]
[Date "1899-12-30"]
[Round "9.8"]
[White "Olszewska, Wiktoria"]
[Black "Bauer, Marika"]
[Result "1-0"]
[WhiteTitle "I"]
[BlackTitle "II"]
[WhiteElo "1334"]
[BlackElo "1226"]

1. e4 e5 2. Nf3 Nc6 3. Bb5 a6 4. Ba4 b5 5. Bb3 Bc5 6. c3 Nf6 7. d4 exd4 8. e5 Ne4
9. Bd5 Nxf2 10. Kxf2 dxc3+ 11. Ke2 cxb2 12. Bxb2 Bb7 13. Bxf7+ Kxf7 14. Qd5+ Ke8
15. Qxc5 Qe7 16. Qe3 Qb4 17. Bc3 Qg4 18. Kf2 Qf5 19. Nbd2 Rg8 20. Rhe1 Ne7 21.
Qc5 Bc6 22. Bb4 Nd5 23. e6 Qf6 24. Ne4 Qb2+ 25. Bd2 Nf4 26. exd7+ Bxd7 27. Nf6+
Kd8 28. Qe7+ Kc8 29. Qxd7+ Kb8 30. Nxg8 Kb7 31. Rec1 Rc8 32. Ne7 Kb8 33. Qxc8+
Ka7 34. Qxc7+ Ka8 35. Qc8+ Ka7 36. Rc7+ Kb6 37. Qb8# 1-0

[Event "POLFINALY MISTRZOSTW POLSKI JUNIOROW 2021 D-15"]
[Site "Jatrzebia Gora"]
[Date "1899-12-30"]
[Round "9.10"]
[White "Markowska, Kalina"]
[Black "Zybrant, Sandra"]
[Result "0-1"]
[WhiteTitle "II"]
[BlackTitle "I"]
[WhiteElo "1028"]
[BlackElo "1239"]

1. e4 e5 2. Nf3 Nf6 3. Nxe5 d6 4. Nxf7 Kxf7 5. d4 c6 6. Qf3 Be7 7. Bc4+ d5 8. exd5
cxd5 9. Bb3 Re8 10. O-O Nc6 11. c3 Be6 12. Re1 Qd7 0-1